Computer systems architecture :a networking approach / (Record no. 2142)

000 -LEADER
fixed length control field 01059cam a22002774a 4500
001 - CONTROL NUMBER
control field 12150485
003 - CONTROL NUMBER IDENTIFIER
control field OSt
005 - DATE AND TIME OF LATEST TRANSACTION
control field 20160615101605.0
008 - FIXED-LENGTH DATA ELEMENTS--GENERAL INFORMATION
fixed length control field 000822s2001 enka b 001 0 eng
010 ## - LIBRARY OF CONGRESS CONTROL NUMBER
LC control number 00064307
020 ## - INTERNATIONAL STANDARD BOOK NUMBER
International Standard Book Number 0201648598 (cased : alk. paper)
040 ## - CATALOGING SOURCE
Original cataloging agency DLC
Transcribing agency DLC
Modifying agency DLC
042 ## - AUTHENTICATION CODE
Authentication code pcc
050 00 - LIBRARY OF CONGRESS CALL NUMBER
Classification number QA76.9.W545 2001
082 00 - DEWEY DECIMAL CLASSIFICATION NUMBER
Classification number 004.6/5
Edition number 21
100 1# - MAIN ENTRY--PERSONAL NAME
Personal name Williams, Rob,
Dates associated with a name 1948-
245 10 - TITLE STATEMENT
Title Computer systems architecture :a networking approach /
Statement of responsibility, etc Rob Williams.
260 ## - PUBLICATION, DISTRIBUTION, ETC. (IMPRINT)
Place of publication, distribution, etc Harlow, England ;
-- New York :
Name of publisher, distributor, etc Addison-Wesley,
Date of publication, distribution, etc 2001.
300 ## - PHYSICAL DESCRIPTION
Extent xx, 660 p. :
Other physical details ill. ;
Dimensions 24 cm.
Accompanying material + 1 computer laser optical disc (4 3/4 in.)
504 ## - BIBLIOGRAPHY, ETC. NOTE
Bibliography, etc Includes bibliographical references (p. [645]-646) and index.
650 #0 - SUBJECT ADDED ENTRY--TOPICAL TERM
Topical term or geographic name as entry element Computer architecture.
650 #0 - SUBJECT ADDED ENTRY--TOPICAL TERM
Topical term or geographic name as entry element Computer network architectures.
906 ## - LOCAL DATA ELEMENT F, LDF (RLIN)
a 7
b cbc
c orignew
d 1
e ocip
f 20
g y-gencatlg
942 ## - ADDED ENTRY ELEMENTS (KOHA)
Source of classification or shelving scheme
Koha item type Book
Holdings
Withdrawn status Lost status Source of classification or shelving scheme Damaged status Not for loan Home library Current library Shelving location Date acquired Total Checkouts Total Renewals Full call number Barcode Date last seen Date checked out Copy number Price effective from Koha item type
          Riara University Library Riara University Library General stack 15/06/2016 3 1 QA76.9.W545 2001 7117/16 15/08/2024 12/06/2024 C.1 15/06/2016 Book

Riara University Library,
P.O. Box 49940-00100,
Nairobi, Kenya.